000 00364nam a2200109Ia 4500
008 180219s9999 xx 000 0 und d
020 _a9812471707
100 _aHogan, Mary Ann
245 _cMadayag, Tomas
_aReviews and rationales series for nursing :
_bmedical-surgical nursing
260 _aSingapore
_bPearson education south asia
_c2004
300 _aiii, 763 pages
999 _c355994
_d355994